Score 0/15 Timer 02:00
2 Plays Today
Question Answer Wrong Answers
Frasier and Niles
Frasier
Siblings
91.2%
Spouses
2.1%
Parent/Child
3.3%
Cindy and Marcia
The Brady Bunch
Siblings
90.6%
Spouses
1.4%
Parent/Child
4.9%
Stephanie and Michelle
Full House
Siblings
90%
Spouses
2%
Parent/Child
4.4%
Leonard and Penny
The Big Bang Theory
Spouses
90%
Siblings
5.6%
Parent/Child
0.9%
Jim and Pam
The Office (US)
Spouses
89.6%
Siblings
5.1%
Parent/Child
1.8%
Fred and Ethel
I Love Lucy
Spouses
88.8%
Siblings
4%
Parent/Child
3.6%
Ross and Monica
Friends
Siblings
87.4%
Spouses
8.8%
Parent/Child
0.6%
Robert and Amy
Everybody Loves Raymond
Spouses
79.4%
Siblings
8.1%
Parent/Child
8.9%
Marion and Richie
Happy Days
Parent/Child
74.7%
Siblings
11.9%
Spouses
10.1%
Cameron and Mitchell
Modern Family
Spouses
73.6%
Siblings
13.5%
Parent/Child
9.1%
Sophia and Dorothy
The Golden Girls
Parent/Child
72.6%
Siblings
23.1%
Spouses
1.1%
Clair and Theo
The Cosby Show
Parent/Child
72.3%
Siblings
14.7%
Spouses
9.6%
Alan and Jake
Two and a Half Men
Parent/Child
67.3%
Siblings
28.4%
Spouses
1.3%
Axl and Sue
The Middle
Siblings
63.4%
Spouses
14.3%
Parent/Child
18.7%
Lucille and Michael
Arrested Development
Parent/Child
57.8%
Siblings
19.4%
Spouses
18.8%

Today's Daily Dose

Missing Word
'D' in Video Games

Word Ladder
Lent Begins

Get the Picture
Antz or A Bug's Life?

You're not logged in!

Compare scores with friends on all Sporcle quizzes.
OR
Log In

Sporcle TV

Today on Sporcle TV


Watch our educational content, quiz creation guides, and fun videos on Sporcle TV.

Show Comments

Extras

Top Quizzes Today


Score Distribution

Paid Content

Your Account Isn't Verified!

In order to create a playlist on Sporcle, you need to verify the email address you used during registration. Go to your Sporcle Settings to finish the process.

Report this User

Report this user for behavior that violates our Community Guidelines.

Details: